Question bank of horticulture: (Record no. 7499)

MARC details
000 -LEADER
fixed length control field 00573 a2200181 4500
010 ## - LCCN (DPL NO)
LC control number ENG-88023
020 ## - INTERNATIONAL STANDARD BOOK NUMBER
Terms of availability 125.00
International Standard Book Number 8183600433
035 ## - SYSTEM CONTROL NUMBER
System control number EN-71556
037 ## - SOURCE OF ACQUISITION
Source of stock number/acquisition DBAD / PUB
082 14 - DEWEY DECIMAL CLASSIFICATION NUMBER
Classification number 635
245 1# - TITLE STATEMENT
Title Question bank of horticulture:
Statement of responsibility, etc compiled by Satyanarayan Gupta
Remainder of title exclusively for JRF, SRF, ARS etc. exams /
250 ## - EDITION STATEMENT
Edition statement 2nd rev ed
260 ## - PUBLICATION, DISTRIBUTION, ETC. (IMPRINT)
Place of publication, distribution, etc New Delhi
Name of publisher, distributor, etc Jain Brothers
Date of publication, distribution, etc 2006
270 ## - ADDRESS
Address 16/873, East Park Road,
City New Delhi
Postal code 110 005
300 ## - PHYSICAL DESCRIPTION
Extent 254p.
Dimensions 22cm (pbk)
700 ## - ADDED ENTRY--PERSONAL NAME
Personal name Gupta, Satyanarayan
942 ## - ADDED ENTRY ELEMENTS (KOHA)
Institution code [OBSOLETE] dpl
Item type English Books
Source of classification or shelving scheme Dewey Decimal Classification
Classification part 635
Call number suffix QUE
Holdings
Withdrawn status Lost status Not for loan Collection code Home library Current library Source of acquisition Cost, normal purchase price Full call number Barcode Copy number Cost, replacement price Koha item type
    Not For Loan Non-fiction D.B.Act.Division D.B.Act.Division DBAD/PUB 125.00 635 QUE EN-71556 1 125.00 English Books

© Delhi Public Library
Hit Counter
free hit counter